书目信息 |
| 题名: |
现代月子专论
|
|
| 作者: | 齐志 编著 | |
| 分册: | ||
| 出版信息: | 开封 河南大学出版社 2010.02 |
|
| 页数: | 147页 | |
| 开本: | 24cm | |
| 丛书名: | ||
| 单 册: | ||
| 中图分类: | R714.6 , R174 | |
| 科图分类: | ||
| 主题词: | 产褥期--chan ru qi--妇幼保健--基本知识 , 新生儿--xin sheng er--妇幼保健--基本知识 | |
| 电子资源: | ||
| ISBN: | 978-7-5649-0123-3 | |
| 000 | 00820nam0 2200253 450 | |
| 001 | 012010196114 | |
| 005 | 20100627161040.59 | |
| 010 | @a978-7-5649-0123-3@dCNY23.00 | |
| 100 | @a20100627d2010 em y0chiy0120 ea | |
| 101 | 0 | @achi |
| 102 | @aCN@b410000 | |
| 105 | @aak z 000yy | |
| 106 | @ar | |
| 200 | 1 | @a现代月子专论@Axian dai yue zi zhuan lun@f齐志编著@Fqi zhi bian zhu |
| 210 | @a开封@c河南大学出版社@d2010.02 | |
| 215 | @a147页@c图@d24cm | |
| 330 | @a本书主要内容:产褥期妈咪生理特点,产褥期妈咪心理特点,新生儿生理特点,新生儿特殊生理状况等等。 | |
| 606 | 0 | @a产褥期@Achan ru qi@x妇幼保健@x基本知识 |
| 606 | 0 | @a新生儿@Axin sheng er@x妇幼保健@x基本知识 |
| 690 | @aR714.6@v4 | |
| 690 | @aR174@v4 | |
| 701 | 0 | @a齐志@Aqi zhi@4编著 |
| 801 | 0 | @aCN@bQSSK@c20100627 |
| 905 | @b784854-56@dR714.6@eQ083@f3 | |
| 现代月子专论/齐志编著.-开封:河南大学出版社,2010.02 |
| 147页:图;24cm |
| ISBN 978-7-5649-0123-3:CNY23.00 |
| 本书主要内容:产褥期妈咪生理特点,产褥期妈咪心理特点,新生儿生理特点,新生儿特殊生理状况等等。 |
| ● |
| 相关链接 |
|
|
|
正题名:现代月子专论
索取号:R714.6/Q083
 
预约/预借
| 序号 | 登录号 | 条形码 | 馆藏地/架位号 | 状态 | 备注 |
| 1 | 784854 | 207848542 | 自科库401/401自科库 20排1列5层/ [索取号:R714.6/Q083] | 在馆 | |
| 2 | 784855 | 207848551 | 自科库401/401自科库 20排1列5层/ [索取号:R714.6/Q083] | 在馆 | |
| 3 | 784856 | 207848560 | 自科库401/401自科库 20排1列5层/ [索取号:R714.6/Q083] | 在馆 |